Les personnages jouables de BlazBlue en images - Statistiques

Statistiques générales
  • Ce quiz a été pris 4 fois
  • Le résultat moyen est 29 sur 36
Statistiques - réponses
Par images Réponse % Correct
Bullet
100%
Celica A. Mercury
100%
Es
100%
Hakumen
100%
Hazama
100%
Iron Tager
100%
Izayoi
100%
Jin Kisaragi
100%
Jubei
100%
Mai Natsume
100%
Makoto Nanaya
100%
Naoto Kurogane
100%
Noel Vermillion
100%
Platinum the Trinity
100%
Rachel Alucard
100%
Ragna the Bloodedge
100%
Susanoo
100%
Yuuki Terumi
100%
Arakune
67%
Azrael
67%
Bang Shishigami
67%
Carl Clover
67%
Izanami
67%
Kagura Mutsuki
67%
Kokonoe
67%
Litchi Faye-Ling
67%
Mu 12
67%
Nine the Phantom
67%
Nu 13
67%
Relius Clover
67%
Taokaka
67%
Tsubaki Yayoi
67%
Valkenhayn R. Hellsing
67%
Amane Nishiki
33%
Hibiki Kohaku
33%
Lambda 11
33%
Aucun quiz correspondant
Distribution des résultats
% des personnes avec chaque résultat
Percentile par nombre de réponses
Votre historique - résultats
Vous n’avez pas pris ce quiz